000 00208 a2200097 4500
001 42879
100 _aAziz, K.K
245 _aThe making of Pakistan
260 _aIslamabad
_bN B F
_c
090 _c26766
_d26766
942 _aNUST-CAE
_cM
_c18631
999 _c277952
_d277952